[Event "La Roda op 51st"]
[Site "La Roda"]
[Date "2025.04.17"]
[Round "5"]
[White "Diez Fraile, David"]
[Black "Yordanov, Lachezar"]
[Result "0-1"]
[WhiteElo "2116"]
[BlackElo "2364"]
[PlyCount "92"]
[EventDate "2025.04.15"]
[EventType "swiss"]
[EventRounds "9"]
[EventCountry "ESP"]
[SourceTitle "CB17_2025"]
[SourceDate "2025.04.23"]
[SourceVersion "1"]
[SourceVersionDate "2025.04.23"]
[SourceQuality "1"]

1. e4 c5 2. Nc3 d6 3. d4 cxd4 4. Qxd4 Nc6 5. Qd2 g6 6. b3 Bh6 7. f4 Nf6 8. Bb2 0-0 9. 0-0-0 e5 10. g3 Re8 11. Kb1 Nd4 12. Nge2 Bg4 13. Nxd4 exd4 14. Qxd4 Bxd1 15. Qxd1 Bg7 16. Bg2 Qb6 17. Re1 Rac8 18. Bh3 Rxc3 19. Bxc3 Nxe4 20. Bb2 Qf2 21. Kc1 d5 22. Re2 Qc5 23. Bg2 Bxb2+ 24. Kxb2 Qc3+ 25. Kb1 Re6 26. Bxe4 Rxe4 27. Qd2 Qc5 28. Kb2 h5 29. f5 Qe7 30. Rxe4 dxe4 31. fxg6 Qf6+ 32. Qc3 Qxg6 33. Kc1 Qf5 34. Qe3 a5 35. a4 Kf8 36. Kd2 Qd5+ 37. Ke2 Qc6 38. Kd2 Qd5+ 39. Ke2 Qe5 40. Qb6 Qf5 41. Qxb7 Qf3+ 42. Ke1 Qh1+ 43. Ke2 Qxh2+ 44. Kd1 Qh1+ 45. Ke2 Qf3+ 46. Ke1 Qxg3+ 0-1

[Event "La Roda op 45th"]
[Site "La Roda"]
[Date "2018.03.28"]
[Round "1"]
[White "Murillo Lopez, Francisco"]
[Black "Diez Fraile, David"]
[Result "0-1"]
[WhiteElo "1631"]
[BlackElo "2115"]
[PlyCount "76"]
[EventDate "2018.03.28"]
[EventType "swiss"]
[EventRounds "9"]
[EventCountry "ESP"]
[SourceTitle "CBM 183 Extra"]
[Source "ChessBase"]
[SourceDate "2018.04.19"]
[SourceVersion "1"]
[SourceVersionDate "2018.04.19"]
[SourceQuality "1"]

1. e4 c6 2. Nc3 d5 3. Nf3 Bg4 4. h3 Bxf3 5. gxf3 e6 6. d4 Nf6 7. Qd3 Nbd7 8. Be3 Nb6 9. b3 Ba3 10. Rg1 g6 11. Bc1 Bxc1 12. Rxc1 Qe7 13. e5 Nh5 14. a4 Qb4 15. Qd2 a6 16. Ne4 Qxd2+ 17. Nxd2 f6 18. exf6 0-0 19. a5 Nd7 20. b4 Rxf6 21. Be2 Raf8 22. Nb3 Nf4 23. Rg3 e5 24. Nc5 Nxc5 25. dxc5 e4 26. fxe4 Nxe2 27. Kxe2 Rxf2+ 28. Ke3 dxe4 29. Rg4 R2f3+ 30. Kxe4 Rxh3 31. Ke5 Rd8 32. Rf1 Kg7 33. Rff4 Re3+ 34. Re4 Re8+ 35. Kd4 R3xe4+ 36. Rxe4 Rxe4+ 37. Kxe4 Kf6 38. c4 g5 0-1

[Event "Euskadi-ch"]
[Site "Zornotza"]
[Date "2017.04.20"]
[Round "4"]
[White "Torres Garcia, Koldo"]
[Black "Diez Fraile, David"]
[Result "1/2-1/2"]
[WhiteElo "2004"]
[BlackElo "2149"]
[PlyCount "44"]
[EventDate "2017.04.17"]
[EventType "swiss"]
[EventRounds "7"]
[EventCountry "ESP"]
[SourceTitle "CBM 178 Extra"]
[Source "ChessBase"]
[SourceDate "2017.06.22"]
[SourceVersion "1"]
[SourceVersionDate "2017.06.22"]
[SourceQuality "1"]

1. e4 c6 2. Nc3 d5 3. Nf3 Bg4 4. h3 Bxf3 5. Qxf3 Nf6 6. exd5 cxd5 7. d4 e6 8. Qg3 Nc6 9. Be3 Rc8 10. Bb5 a6 11. Bxc6+ Rxc6 12. 0-0 g6 13. Rad1 Bg7 14. Qh4 Nh5 15. Bg5 Bf6 16. Bxf6 Qxf6 17. Qxf6 Nxf6 18. Rd2 Ke7 19. f3 Rhc8 20. Rff2 Nd7 21. Nd1 Nb6 22. Ne3 Nc4 1/2-1/2

[Event "Euskadi-ch"]
[Site "Zornotza"]
[Date "2017.04.19"]
[Round "3"]
[White "Ortin Blanco, Inigo"]
[Black "Diez Fraile, David"]
[Result "1-0"]
[WhiteElo "2127"]
[BlackElo "2149"]
[PlyCount "67"]
[EventDate "2017.04.17"]
[EventType "swiss"]
[EventRounds "7"]
[EventCountry "ESP"]
[SourceTitle "CBM 178 Extra"]
[Source "ChessBase"]
[SourceDate "2017.06.22"]
[SourceVersion "1"]
[SourceVersionDate "2017.06.22"]
[SourceQuality "1"]

1. d4 d5 2. c4 e6 3. Nc3 Nf6 4. cxd5 exd5 5. Bg5 Nbd7 6. e3 c6 7. Qc2 Be7 8. Bd3 h6 9. Bh4 Nh5 10. Bxe7 Qxe7 11. Nge2 Nb6 12. 0-0-0 Be6 13. Kb1 0-0-0 14. h3 Kb8 15. g4 Nf6 16. Ng3 h5 17. g5 Ne8 18. g6 Nd6 19. Nge2 fxg6 20. Nf4 Rh6 21. Nxg6 Qf6 22. Nf4 g5 23. Nxe6 Qxe6 24. Rdg1 Qf6 25. Rg3 Rf8 26. Rhg1 Nf7 27. Qe2 Rhh8 28. Rf3 Qh6 29. Rf5 Rhg8 30. f4 Qe6 31. fxg5 Nc4 32. Rgf1 Qe7 33. Bxc4 dxc4 34. Qf2 1-0

[Event "La Roda op 44th"]
[Site "La Roda"]
[Date "2017.04.13"]
[Round "2"]
[White "Diez Fraile, David"]
[Black "Peralta, Fernando"]
[Result "0-1"]
[WhiteElo "2149"]
[BlackElo "2565"]
[PlyCount "58"]
[EventDate "2017.04.12"]
[EventType "swiss"]
[EventRounds "9"]
[EventCountry "ESP"]
[SourceTitle "CBM 177 Extra"]
[Source "ChessBase"]
[SourceDate "2017.04.27"]
[SourceVersion "1"]
[SourceVersionDate "2017.04.27"]
[SourceQuality "1"]

1. e4 d6 2. d4 Nf6 3. Nc3 g6 4. Nf3 Bg7 5. Be2 0-0 6. 0-0 c6 7. a4 Nbd7 8. h3 Qc7 9. Be3 b6 10. Qd2 Bb7 11. Rad1 Rad8 12. Rfe1 a6 13. Bf1 Rfe8 14. Bh6 e5 15. Bxg7 Kxg7 16. dxe5 dxe5 17. Qe3 b5 18. b4 Nf8 19. a5 Ne6 20. Na2 c5 21. c4 Rxd1 22. Rxd1 bxc4 23. Bxc4 cxb4 24. Bxe6 Rxe6 25. Nxb4 Nxe4 26. Nd5 Qc2 27. Rc1 Qb2 28. Nc7 Re7 29. Ng5 Nxf2 0-1

[Event "Euskadi-chT (Vasca) Div 1st"]
[Site "Bergara"]
[Date "2016.??.??"]
[Round "1.4"]
[White "Diez Fraile, David"]
[Black "Alberdi Sololuce, Paulo"]
[Result "1/2-1/2"]
[WhiteElo "2190"]
[BlackElo "2231"]
[PlyCount "64"]
[EventDate "2016.01.09"]
[EventType "team-tourn"]
[EventRounds "9"]
[EventCountry "ESP"]
[SourceTitle "EXT 2024"]
[Source "ChessBase"]
[SourceDate "2023.10.10"]
[SourceVersion "1"]
[SourceVersionDate "2023.10.10"]
[SourceQuality "1"]

1. e4 c6 2. d4 d5 3. e5 c5 4. dxc5 e6 5. Nf3 Bxc5 6. Bd3 Nc6 7. 0-0 Bd7 8. a3 f6 9. b4 fxe5 10. bxc5 e4 11. c4 Qf6 12. Ra2 exf3 13. cxd5 exd5 14. Bb2 Qf7 15. Qxf3 Qxf3 16. gxf3 Nge7 17. Kh1 0-0 18. Rg1 Rf7 19. Nd2 Bf5 20. Bb5 Bg6 21. Raa1 Rc8 22. Rae1 Nf5 23. Rg5 Re7 24. Rxe7 Ncxe7 25. Nb3 h6 26. Rg4 Bh5 27. Bd7 Rd8 28. Be6+ Kh7 29. Rf4 Rf8 30. Bxf5+ Rxf5 31. Rxf5 Nxf5 32. f4 Bf3+ 1/2-1/2

[Event "Euskadi-chT (Vasca) Div 1st"]
[Site "Bergara"]
[Date "2016.??.??"]
[Round "4.4"]
[White "Sarralde Osua, Rodrigo"]
[Black "Diez Fraile, David"]
[Result "0-1"]
[WhiteElo "2372"]
[BlackElo "2190"]
[PlyCount "158"]
[EventDate "2016.01.09"]
[EventType "team-tourn"]
[EventRounds "9"]
[EventCountry "ESP"]
[SourceTitle "EXT 2024"]
[Source "ChessBase"]
[SourceDate "2023.10.10"]
[SourceVersion "1"]
[SourceVersionDate "2023.10.10"]
[SourceQuality "1"]

1. e4 c5 2. c4 Nc6 3. Ne2 Nf6 4. Nbc3 g6 5. g3 Bg7 6. Bg2 0-0 7. 0-0 d6 8. h3 Ne8 9. d3 Nc7 10. Rb1 Rb8 11. Be3 Ne6 12. a3 a5 13. Nb5 Bd7 14. f4 Ned4 15. Nexd4 Nxd4 16. a4 Bxb5 17. axb5 e6 18. Kh2 b6 19. Rf2 Qe7 20. Qf1 Nb3 21. Re1 Bd4 22. f5 f6 23. fxe6 Bxe3 24. Rxe3 Nd4 25. h4 Nxe6 26. Bh3 Nd4 27. Re1 Kg7 28. Bg4 Rbe8 29. Qh3 f5 30. Bf3 Qe5 31. Ref1 f4 32. g4 h6 33. g5 hxg5 34. Rg1 Ne6 35. Kg2 gxh4 36. Kf1 Rh8 37. Rfg2 Rh6 38. Ke1 Rf8 39. Kd1 a4 40. Kc2 Nd4+ 41. Kb1 Ne6 42. Rg4 g5 43. R4g2 Kf6 44. Bg4 Rg8 45. Bd1 Ra8 46. Re1 Rg6 47. Bg4 Rg7 48. Bxe6 Qxe6 49. e5+ Kf7 50. Qf3 Re8 51. Rge2 dxe5 52. Rxe5 Qxe5 53. Rxe5 Rxe5 54. Qb7+ Re7 55. Qxb6 h3 56. Qxc5 h2 57. Qd5+ Kf8 58. Ka2 Rh7 59. Qd8+ Kf7 60. Qd5+ Kf6 61. Qd6+ Kf5 62. Qd5+ Re5 63. Qh1 Re1 64. Qd5+ Re5 65. Qh1 g4 66. d4 Ree7 67. Qd5+ Kf6 68. Qd6+ Kf5 69. Qd5+ Kf6 70. Qd6+ Kg5 71. Qd5+ Kh4 72. Qg2 g3 73. Qf3 Kg5 74. Qh1 Kg4 75. d5 f3 76. d6 Rd7 77. c5 g2 78. Qe1 g1Q 79. Qe4+ Kg3 0-1

[Event "Sestao op 31st"]
[Site "Sestao"]
[Date "2015.12.06"]
[Round "4"]
[White "Diez Fraile, David"]
[Black "Miguelez Garcia, Erlantz"]
[Result "1/2-1/2"]
[WhiteElo "2214"]
[BlackElo "1974"]
[PlyCount "94"]
[EventDate "2015.12.04"]
[EventType "swiss"]
[EventRounds "9"]
[EventCountry "ESP"]
[SourceTitle "EXT 2017"]
[Source "ChessBase"]
[SourceDate "2016.10.25"]
[SourceVersion "1"]
[SourceVersionDate "2016.10.25"]
[SourceQuality "1"]

1. e4 c5 2. Nf3 Nc6 3. d4 cxd4 4. Nxd4 Nf6 5. Nc3 e5 6. Ndb5 d6 7. Bg5 a6 8. Na3 b5 9. Nd5 Be7 10. Bxf6 Bxf6 11. c4 b4 12. Nc2 Rb8 13. b3 0-0 14. g3 Be6 15. Bg2 Bg5 16. 0-0 Qd7 17. Qd3 a5 18. Rad1 Kh8 19. Kh1 f5 20. f4 Bh6 21. Nce3 Ne7 22. fxe5 dxe5 23. exf5 Nxf5 24. Qe4 Nxe3 25. Rxf8+ Rxf8 26. Nxe3 Qa7 27. Nf5 Bxf5 28. Qxf5 Qe7 29. Qe4 Rd8 30. Rd5 g6 31. Rxd8+ Qxd8 32. Qxe5+ Bg7 33. Qe2 Bf6 34. Bd5 Qe7 35. Qxe7 Bxe7 36. Kg2 Kg7 37. Kf3 Kf6 38. Ke4 Bc5 39. h3 Bf2 40. g4 Ke7 41. Bg8 h5 42. gxh5 gxh5 43. Kd5 Kd7 44. c5 Kc7 45. Bf7 h4 46. Kc4 Bg1 47. Kb5 Be3 1/2-1/2

[Event "Euskadi-ch"]
[Site "Zornotza"]
[Date "2015.04.12"]
[Round "7"]
[White "Etchegaray, Patrice"]
[Black "Diez Fraile, David"]
[Result "1-0"]
[WhiteElo "2400"]
[BlackElo "2198"]
[PlyCount "109"]
[EventDate "2015.04.06"]
[EventType "swiss"]
[EventRounds "7"]
[EventCountry "ESP"]
[SourceTitle "EXT 2018"]
[Source "ChessBase"]
[SourceDate "2017.10.13"]
[SourceVersion "1"]
[SourceVersionDate "2017.10.13"]
[SourceQuality "1"]

1. e4 c5 2. Nf3 d6 3. Bb5+ Bd7 4. Bxd7+ Qxd7 5. 0-0 Nc6 6. c3 Nf6 7. Re1 e6 8. d4 cxd4 9. cxd4 d5 10. e5 Ne4 11. Nbd2 Nxd2 12. Bxd2 Be7 13. Rc1 0-0 14. Rc3 f5 15. exf6 Rxf6 16. Ne5 Nxe5 17. Rxe5 Raf8 18. Re2 Bd6 19. Rce3 Qc7 20. g3 Qd7 21. Qe1 Kf7 22. Bb4 Bxb4 23. Qxb4 Rc8 24. Rc3 Rxc3 25. Qxc3 Kg8 26. Rc2 h6 27. b3 Rf8 28. Qc5 b6 29. Qc3 Qf7 30. Qe3 Qf5 31. Re2 Rf6 32. Kg2 Kh7 33. Qc3 Rf7 34. Qc2 Qxc2 35. Rxc2 Kg6 36. Rc6 Kf5 37. Kf3 h5 38. Ke3 g5 39. h3 Re7 40. f3 g4 41. fxg4+ hxg4 42. h4 e5 43. Rh6 exd4+ 44. Kxd4 Re4+ 45. Kd3 b5 46. Rh5+ Ke6 47. Rg5 Re1 48. Rxg4 Rd1+ 49. Kc3 Ke5 50. h5 a5 51. h6 Rh1 52. Rh4 Rc1+ 53. Kd3 Rc8 54. h7 Rh8 55. Rh5+ 1-0

[Event "Euskadi-ch"]
[Site "Zornotza"]
[Date "2015.04.07"]
[Round "2"]
[White "Gonzalez de la Torre, Santiago"]
[Black "Diez Fraile, David"]
[Result "1-0"]
[WhiteElo "2429"]
[BlackElo "2198"]
[PlyCount "63"]
[EventDate "2015.04.06"]
[EventType "swiss"]
[EventRounds "7"]
[EventCountry "ESP"]
[SourceTitle "EXT 2018"]
[Source "ChessBase"]
[SourceDate "2017.10.13"]
[SourceVersion "1"]
[SourceVersionDate "2017.10.13"]
[SourceQuality "1"]

1. e4 c5 2. Nf3 d6 3. d4 cxd4 4. Nxd4 Nf6 5. Nc3 g6 6. Be3 Bg7 7. f3 Nc6 8. Qd2 Bd7 9. 0-0-0 Rc8 10. Kb1 h5 11. h3 a6 12. Qf2 Ne5 13. Nd5 Nxd5 14. exd5 Qa5 15. Nb3 Qa4 16. f4 Bf5 17. Nd4 Be4 18. b3 Qa5 19. fxe5 dxe5 20. Bd3 Bxd3 21. Rxd3 exd4 22. Bxd4 0-0 23. Bxg7 Kxg7 24. g4 Qc5 25. Qe2 hxg4 26. hxg4 Qd6 27. Rf1 Rc7 28. Qe4 e6 29. g5 Rfc8 30. dxe6 Qxe6 31. Qd4+ Kf8 32. Re3 1-0

[Event "Benidorm op U2300 13th"]
[Site "Benidorm"]
[Date "2014.12.07"]
[Round "10"]
[White "Diez Fraile, David"]
[Black "Bosque Ortega, Xavier"]
[Result "1/2-1/2"]
[WhiteElo "2147"]
[BlackElo "2214"]
[PlyCount "64"]
[EventDate "2014.11.28"]
[EventType "swiss"]
[EventRounds "10"]
[EventCountry "ESP"]
[SourceTitle "CBM 163 Extra"]
[Source "ChessBase"]
[SourceDate "2014.12.23"]
[SourceVersion "1"]
[SourceVersionDate "2014.12.23"]
[SourceQuality "1"]

1. d4 d5 2. c4 c6 3. Nf3 Nf6 4. Nc3 Bf5 5. Qb3 Qb6 6. cxd5 Qxb3 7. axb3 Nxd5 8. e4 Nxc3 9. exf5 Nd5 10. Bd2 g6 11. fxg6 hxg6 12. b4 Bh6 13. Bxh6 Rxh6 14. b5 Kf8 15. g3 Kg7 16. Be2 cxb5 17. Bxb5 a6 18. 0-0 Nb6 19. Bd3 N8d7 20. Rfc1 Nd5 21. Ra5 e6 22. Bf1 Rhh8 23. Ne5 N7b6 24. Bg2 Rac8 25. Rac5 Rxc5 26. dxc5 Rc8 27. c6 bxc6 28. Rxc6 Rxc6 29. Nxc6 Na4 30. b3 Nc5 31. Bf1 Nxb3 32. Bxa6 Nc5 1/2-1/2

[Event "Euskadi-chT (Vasca) Div 1st"]
[Site "Bergara"]
[Date "2014.02.01"]
[Round "4.5"]
[White "Diez Fraile, David"]
[Black "Perez Marchal, Javier"]
[Result "1/2-1/2"]
[WhiteElo "2166"]
[BlackElo "1951"]
[PlyCount "71"]
[EventDate "2014.01.11"]
[EventType "team-tourn"]
[EventRounds "9"]
[EventCountry "ESP"]
[SourceTitle "EXT 2024"]
[Source "ChessBase"]
[SourceDate "2023.10.10"]
[SourceVersion "1"]
[SourceVersionDate "2023.10.10"]
[SourceQuality "1"]

1. d4 f5 2. Nf3 Nf6 3. g3 g6 4. Bg2 Bg7 5. 0-0 d6 6. c4 0-0 7. Nc3 Qe8 8. Nd5 Na6 9. Rb1 Nxd5 10. cxd5 Qb5 11. b4 Qxd5 12. b5 Nb8 13. Ng5 Qc4 14. Bd2 h6 15. Rb4 Qxa2 16. Ra4 Qb2 17. Bd5+ Kh8 18. Rb4 Qa3 19. Ne6 Bxe6 20. Bxe6 Qa5 21. d5 h5 22. Qb3 c6 23. bxc6 Na6 24. cxb7 Rab8 25. Ra4 Nc5 26. Bxa5 Nxb3 27. Bc8 Nc5 28. Bc7 Rxb7 29. Bxb7 Nxa4 30. e3 Nc5 31. Bc6 Rc8 32. Ba5 Rb8 33. Rd1 Kg8 34. Kg2 Kf7 35. Rd2 Rb2 36. Rxb2 1/2-1/2

[Event "Euskadi-ch"]
[Site "Zornotza"]
[Date "2013.04.01"]
[Round "1"]
[White "Diez Fraile, David"]
[Black "Albo Ruiz, Jose Martin"]
[Result "1-0"]
[WhiteElo "2168"]
[BlackElo "1911"]
[PlyCount "25"]
[EventDate "2013.04.01"]
[EventType "swiss"]
[EventRounds "7"]
[EventCountry "ESP"]
[SourceTitle "CBM 153 Extra"]
[Source "ChessBase"]
[SourceDate "2013.04.22"]
[SourceVersion "1"]
[SourceVersionDate "2013.04.22"]
[SourceQuality "1"]

1. Nf3 Nf6 2. c4 d5 3. cxd5 Nxd5 4. Nc3 c5 5. e4 Nb6 6. d4 cxd4 7. Nxd4 e6 8. Bb5+ Bd7 9. Nxe6 Qc8 10. Nxf8 Kxf8 11. Be3 Nc4 12. Bxc4 Qxc4 13. Qd6+ 1-0

[Event "Bizkaia-ch Preferente"]
[Site "Bilbao"]
[Date "2012.11.03"]
[Round "3.1"]
[White "Angulo Martinez, Jon"]
[Black "Diez Fraile, David"]
[Result "1/2-1/2"]
[WhiteElo "2191"]
[BlackElo "2167"]
[PlyCount "34"]
[EventDate "2012.10.20"]
[EventType "swiss"]
[EventRounds "6"]
[EventCountry "ESP"]
[SourceTitle "EXT 2024"]
[Source "ChessBase"]
[SourceDate "2023.10.10"]
[SourceVersion "1"]
[SourceVersionDate "2023.10.10"]
[SourceQuality "1"]

1. e4 d5 2. exd5 Qxd5 3. Nc3 Qd6 4. d4 Nf6 5. Nge2 c6 6. g3 Bf5 7. Bg2 e6 8. 0-0 Be7 9. f3 Na6 10. Be3 0-0 11. Nf4 e5 12. Nfe2 Rad8 13. a3 Rfe8 14. Qc1 exd4 15. Nxd4 Bg6 16. Nb3 Qc7 17. Bf2 Nd7 1/2-1/2

[Event "Bizkaia-ch Preferente"]
[Site "Bilbao"]
[Date "2012.10.20"]
[Round "1.3"]
[White "Sanz Rodero, Mikel"]
[Black "Diez Fraile, David"]
[Result "0-1"]
[WhiteElo "2045"]
[BlackElo "2167"]
[PlyCount "88"]
[EventDate "2012.10.20"]
[EventType "swiss"]
[EventRounds "6"]
[EventCountry "ESP"]
[SourceTitle "EXT 2024"]
[Source "ChessBase"]
[SourceDate "2023.10.10"]
[SourceVersion "1"]
[SourceVersionDate "2023.10.10"]
[SourceQuality "1"]

1. e4 c5 2. c3 d6 3. d4 Nf6 4. Bd3 g6 5. Nf3 Bg7 6. dxc5 dxc5 7. e5 Ng4 8. Bb5+ Bd7 9. Bxd7+ Qxd7 10. Qxd7+ Kxd7 11. e6+ Kxe6 12. Ng5+ Kd7 13. Nxf7 Rf8 14. Ng5 Nxf2 15. 0-0 h6 16. Rxf2 Rxf2 17. Kxf2 hxg5 18. Bxg5 Nc6 19. Nd2 Rf8+ 20. Ke2 Ne5 21. Rf1 Rxf1 22. Nxf1 b5 23. Nd2 c4 24. b3 a5 25. bxc4 Nxc4 26. Nxc4 bxc4 27. Bd2 Ke6 28. Kf3 Kd5 29. h4 e5 30. g4 e4+ 31. Kf4 Bh6+ 32. g5 Bg7 33. Be1 a4 34. Kg3 Be5+ 35. Kg4 a3 36. h5 gxh5+ 37. Kxh5 e3 38. g6 Ke4 39. Kh6 Kd3 40. g7 Bxg7+ 41. Kxg7 Ke2 42. Bg3 Kd3 43. Kf6 Kxc3 44. Ke5 Kd3 0-1

[Event "Mislata op-A 20th"]
[Site "Mislata"]
[Date "2012.08.14"]
[Round "2"]
[White "Sanchez Guirado, Francisco Javier"]
[Black "Diez Fraile, David"]
[Result "1/2-1/2"]
[WhiteElo "2357"]
[BlackElo "2202"]
[PlyCount "122"]
[EventDate "2012.08.13"]
[EventType "swiss"]
[EventRounds "9"]
[EventCountry "ESP"]
[SourceTitle "EXT 2013"]
[Source "ChessBase"]
[SourceDate "2012.11.22"]
[SourceVersion "1"]
[SourceVersionDate "2012.11.22"]
[SourceQuality "1"]

1. d4 Nf6 2. Nf3 g6 3. c4 Bg7 4. g3 0-0 5. Bg2 d6 6. 0-0 c5 7. dxc5 dxc5 8. Ne5 Nfd7 9. Nxd7 Nxd7 10. Nc3 Ne5 11. Qb3 Nc6 12. Bxc6 bxc6 13. Rd1 Qb6 14. Na4 Qb4 15. Be3 Rb8 16. Nxc5 Bxb2 17. Qxb4 Rxb4 18. Nd3 Rb7 19. Rab1 Ba3 20. Rxb7 Bxb7 21. Bxa7 Ba6 22. c5 Rd8 23. Kf1 e5 24. f3 f5 25. Rb1 e4 26. fxe4 fxe4 27. Nb4 Bb5 28. Nc2 Ra8 29. Nxa3 Rxa7 30. Nxb5 cxb5 31. Rxb5 Rxa2 32. Rb8+ Kg7 33. Rb7+ Kh6 34. Kf2 Rc2 35. Rc7 Kg5 36. Ke3 h5 37. c6 Kg4 38. Rc8 Kh3 39. c7 Kxh2 40. Kf2 Kh3 41. Rg8 Rxc7 42. Rxg6 Rc3 43. Rg5 h4 44. gxh4 Kxh4 45. Rg8 Ra3 46. Rg7 Rb3 47. Rg6 Ra3 48. Re6 Kg4 49. Rxe4+ Kf5 50. Re7 Rb3 51. e3 Ra3 52. Kf3 Ra4 53. Rb7 Ke5 54. Rb6 Rc4 55. Rb5+ Ke6 56. e4 Rc1 57. Rh5 Ra1 58. Rd5 Rb1 59. Rd2 Ke5 60. Rd5+ Ke6 61. Ra5 Rc1 1/2-1/2

[Event "Almansa op 7th"]
[Site "Almansa"]
[Date "2012.08.11"]
[Round "8"]
[White "Diez Fraile, David"]
[Black "Varga, Mariano"]
[Result "1/2-1/2"]
[WhiteElo "2202"]
[BlackElo "2103"]
[PlyCount "81"]
[EventDate "2012.08.07"]
[EventType "swiss"]
[EventRounds "9"]
[EventCountry "ESP"]
[SourceTitle "CBM 149 Extra"]
[Source "ChessBase"]
[SourceDate "2012.08.24"]
[SourceVersion "1"]
[SourceVersionDate "2012.08.24"]
[SourceQuality "1"]

1. d4 Nf6 2. Nf3 e6 3. c4 b6 4. g3 Ba6 5. b3 Bb4+ 6. Bd2 Be7 7. Bg2 Bb7 8. 0-0 c5 9. d5 exd5 10. Nh4 Ne4 11. Nf5 0-0 12. cxd5 Nxd2 13. Nxe7+ Qxe7 14. Nxd2 d6 15. e4 Ba6 16. Re1 Nd7 17. e5 dxe5 18. d6 Qxd6 19. Bxa8 Rxa8 20. Nc4 Qe6 21. Qf3 Rb8 22. Rad1 Bb7 23. Qd3 Qc6 24. f3 f6 25. Qxd7 Qxf3 26. Qd8+ Rxd8 27. Rxd8+ Kf7 28. Nxe5+ fxe5 29. Rf1 Ke7 30. Rxf3 Bxf3 31. Rc8 Kd6 32. Kf2 Bd5 33. Ke3 a5 34. Rd8+ Kc6 35. Kd2 a4 36. Kc3 h5 37. Re8 Kd6 38. Rd8+ Kc6 39. Re8 Kd6 40. Rd8+ Kc6 41. Re8 1/2-1/2

[Event "Almansa op 7th"]
[Site "Almansa"]
[Date "2012.08.10"]
[Round "7"]
[White "Lara Granero, Bio"]
[Black "Diez Fraile, David"]
[Result "1/2-1/2"]
[WhiteElo "2045"]
[BlackElo "2202"]
[PlyCount "43"]
[EventDate "2012.08.07"]
[EventType "swiss"]
[EventRounds "9"]
[EventCountry "ESP"]
[SourceTitle "CBM 149 Extra"]
[Source "ChessBase"]
[SourceDate "2012.08.24"]
[SourceVersion "1"]
[SourceVersionDate "2012.08.24"]
[SourceQuality "1"]

1. Nf3 Nf6 2. g3 g6 3. Bg2 Bg7 4. 0-0 0-0 5. c4 d6 6. d4 c5 7. dxc5 dxc5 8. Nc3 Nc6 9. Be3 Be6 10. Ng5 Qxd1 11. Rfxd1 Bxc4 12. Bxc5 h6 13. Nh3 Rfd8 14. Bxc6 bxc6 15. Bxe7 Rxd1+ 16. Rxd1 Nd5 17. Nxd5 Bxd5 18. b3 Re8 19. Bc5 Rxe2 20. Nf4 Rxa2 21. Nxd5 cxd5 22. Rxd5 1/2-1/2

[Event "La Roda op 39th"]
[Site "La Roda"]
[Date "2012.04.07"]
[Round "7"]
[White "Diez Fraile, David"]
[Black "Suba, Mihai"]
[Result "0-1"]
[WhiteElo "2185"]
[BlackElo "2438"]
[PlyCount "80"]
[EventDate "2012.04.04"]
[EventType "swiss"]
[EventRounds "9"]
[EventCountry "ESP"]
[SourceTitle "CBM 147 Extra"]
[Source "ChessBase"]
[SourceDate "2012.04.24"]
[SourceVersion "1"]
[SourceVersionDate "2012.04.24"]
[SourceQuality "1"]

1. d4 Nf6 2. Nf3 e6 3. g3 b5 4. Bg2 Bb7 5. 0-0 Be7 6. Nbd2 0-0 7. c4 bxc4 8. Nxc4 d5 9. Nce5 Ne4 10. Bf4 c5 11. dxc5 Bxc5 12. Nd2 Nxd2 13. Qxd2 Qe7 14. Rac1 Na6 15. a3 f6 16. Nd3 Bb6 17. g4 e5 18. Bg3 d4 19. b4 Bxg2 20. Kxg2 Rad8 21. g5 e4 22. gxf6 gxf6 23. Nf4 Kh8 24. Kg1 Rg8 25. Rc6 Nc7 26. Rfc1 e3 27. Qd3 Nd5 28. Nxd5 Rxd5 29. fxe3 Re5 30. Kf1 Rxe3 31. Qf5 d3 32. exd3 Rexg3 33. hxg3 Rxg3 34. Rxb6 axb6 35. Rc6 Rg6 36. Rxb6 Qc7 37. Re6 Qh2 38. Re8+ Kg7 39. Qf2 Qh1+ 40. Ke2 Rg2 0-1

[Event "Euskadi-chT (Vasca) Div 1st"]
[Site "Bergara"]
[Date "2012.03.10"]
[Round "9.1"]
[White "Diez Fraile, David"]
[Black "Dominguez Ofretorio, Javier"]
[Result "1-0"]
[WhiteElo "2185"]
[BlackElo "2138"]
[PlyCount "91"]
[EventDate "2012.01.14"]
[EventType "team-tourn"]
[EventRounds "9"]
[EventCountry "ESP"]
[SourceTitle "EXT 2024"]
[Source "ChessBase"]
[SourceDate "2023.10.10"]
[SourceVersion "1"]
[SourceVersionDate "2023.10.10"]
[SourceQuality "1"]

1. d4 Nf6 2. Bg5 Ne4 3. Bh4 g5 4. f3 gxh4 5. fxe4 c5 6. e3 d5 7. exd5 Qxd5 8. Nc3 Qg5 9. Bb5+ Bd7 10. Qf3 Bh6 11. Nge2 Nc6 12. Bxc6 Bxc6 13. d5 Bd7 14. Nf4 Rg8 15. 0-0 Bg4 16. Qf2 Qe5 17. Rae1 h3 18. g3 Bxf4 19. Qxf4 Qxf4 20. Rxf4 Rd8 21. Ref1 f6 22. e4 h5 23. Kf2 Kf7 24. Ke3 a6 25. Na4 Rc8 26. Nb6 Rc7 27. a4 Kg6 28. d6 exd6 29. Rxf6+ Kg7 30. Rxd6 Re8 31. Nd5 Rf7 32. Rxf7+ Kxf7 33. Rb6 Bc8 34. Kf4 Kg7 35. e5 Rd8 36. c4 Rf8+ 37. Nf6 Kg6 38. Ke4 Rd8 39. Nd5+ Kg5 40. e6 Re8 41. e7 Bf5+ 42. Ke5 Bc8 43. a5 h4 44. gxh4+ Kxh4 45. Rf6 Bd7 46. Kd6 1-0

[Event "Erandio op 20th"]
[Site "Erandio"]
[Date "2011.12.21"]
[Round "6"]
[White "Diez Fraile, David"]
[Black "Rodriguez Gonzalez, Alex"]
[Result "1-0"]
[WhiteElo "2184"]
[BlackElo "2047"]
[PlyCount "59"]
[EventDate "2011.12.17"]
[EventType "swiss"]
[EventRounds "9"]
[EventCountry "ESP"]
[SourceTitle "EXT 2024"]
[Source "ChessBase"]
[SourceDate "2023.10.10"]
[SourceVersion "1"]
[SourceVersionDate "2023.10.10"]
[SourceQuality "1"]

1. d4 d5 2. Nf3 Nc6 3. c4 Bg4 4. cxd5 Bxf3 5. gxf3 Qxd5 6. e3 e5 7. Nc3 Bb4 8. Bd2 Bxc3 9. bxc3 exd4 10. cxd4 Nge7 11. Be2 0-0 12. h4 Rfe8 13. Qb3 Qf5 14. Kf1 Ng6 15. Qb5 Qc2 16. Qd3 Qa4 17. Bd1 Qa6 18. Qxa6 bxa6 19. Ba4 Nge7 20. Rc1 Red8 21. Bxc6 Rab8 22. Ke2 Rb2 23. Be4 f5 24. Bd3 Nd5 25. Bc4 Kf8 26. Bxd5 Rxd5 27. Rxc7 Ra5 28. Rb1 Raxa2 29. Rxb2 Rxb2 30. Rxa7 1-0